01215nam a2200193Ia 4500001001000000003001000010008004100020040002500061041001300086100004400099245006400143250001100207260010900218300002600327500026000353501011400613520026000727650003400987L235-7548IT-CnALBA170116s9999||||xx |||||||||||||| ||und|| aIT-CnALBAcIT-CnALBA aITALIANO aMANASSERO BARTOLOMEO, VIC. PERP. TORINO 0aMESE DI MAGGIO. TAVOLE SINOTTICHE DELLE LITANIE LAURETANE.  a1a ed. aMILANO - TORINObARTIGIANELLI TIPOG. S. GIUSEPPE. MI. TO'c1908 [1° Ed.:1908 - Ed.Ling.Originale: 1908] a90 p. (prefazione: 5) aSANTA MARIA. MADRE DI DIO. MADRE DI CRISTO. VERGINE DELLE VERGINI. MADRE CASTISSIMA. MADRE DI GRAZIA PURISSIMA INVIOLATA INTEMERATA AMABILE AMMIRABILE BUON CONSILIO CREATORE SALVATORE. VERGINE PRUDENTISSIMA VENERANDA PREDICANDA POTENTE CLEMENTE FEDELE. SP aSocietà San Paolo EM - Piazza San Paolo, 14 - 12051 ALBA (CN) (non commercial uses only) ® Copyright 2017 aSANTA MARIA. MADRE DI DIO. MADRE DI CRISTO. VERGINE DELLE VERGINI. MADRE CASTISSIMA. MADRE DI GRAZIA PURISSIMA INVIOLATA INTEMERATA AMABILE AMMIRABILE BUON CONSILIO CREATORE SALVATORE. VERGINE PRUDENTISSIMA VENERANDA PREDICANDA POTENTE CLEMENTE FEDELE. SP aMARIA SS. ANGELI SANTI DEMONI